000 00967nam a22002177a 4500
003 OSt
005 20260124090719.0
008 230627b ||||| |||| 00| 0 eng d
040 _cSSBUL
041 _ashan
082 _223
_a923.2591
100 0 _aပိင်ႇၺႃႇၽေႃးၵ(တႃႈၵုင်ႈ)၊
_cၸဝ်ႈ။
_926856
245 1 0 _aၽိုၼ်မၢႆတွင်း ၶၢဝ်းတၢင်းတူဝ်ထူပ်း ၽဝၵူၼ်းဢွၵ်ႇႁႃသွၼ်တၢင်းမေႃ /
_cၸဝ်ႈပိင်ႇၺႃႇၽေႃးၵ(တႃႈၵုင်ႈ)။
260 _c2006 ။
300 _a83 ၼႃႈ၊
_bၶႅပ်းႁၢင်ႈ(သီ)၊
_c22 ၸိၼ်ႇတီႇ။
500 _aS-SAT: Dr. Prof Sai Aung Tun
650 _aထေႇရုပ်ႉပတ်ႉတိ - ၸဝ်ႈပိင်ႇၺႃႇၽေႃးၵ
_926857
942 _cBK
942 _2ddc
942 _2ddc
999 _c26407
_d26407